[Event "35t. Copenhagen Open (Politiken Cup)"]
[Site "Elsinore"]
[Date "2013.08.04"]
[Round "10"]
[White "Andersen, Claus"]
[Black "Hansen, Alex Mehr"]
[Result "1/2-1/2"]
[WhiteElo "1806"]
[BlackElo "1953"]
[PlyCount "82"]
[EventDate "2013.07.27"]
[EventType "swiss"]
[EventRounds "10"]
[EventCountry "DEN"]
[Source "ChessBase"]
[SourceDate "2013.08.26"]

1. d4 Nf6 2. c4 e6 3. Nf3 d5 4. cxd5 exd5 5. Bg5 Be7 6. Nc3 c6 7. e3 h6 8. Bxf6
Bxf6 9. Bd3 Bg4 10. h3 Be6 11. O-O O-O 12. b4 a6 13. Qc2 Nd7 14. Na4 Qc7 15.
Rfc1 Rfc8 16. Nc5 b5 17. Nxd7 Bxd7 18. Nd2 Qd6 19. Rab1 Bd8 20. Bf5 Bxf5 21.
Qxf5 a5 22. bxa5 g6 23. Qc2 Rxa5 24. Nb3 Ra4 25. Nd2 Raa8 26. Rb3 Kg7 27. Rc3
Ra6 28. Nf3 Bf6 29. g3 g5 30. Kg2 Qe6 31. Ne1 Be7 32. Nd3 Ba3 33. Nc5 Bxc5 34.
Rxc5 Raa8 35. Rxc6 Rxc6 36. Qxc6 Qe4+ 37. Kg1 Rxa2 38. Qxb5 Qf5 39. Qf1 h5 40.
Qg2 g4 41. h4 Ra5 1/2-1/2

[Event "35t. Copenhagen Open (Politiken Cup)"]
[Site "Elsinore"]
[Date "2013.08.04"]
[Round "10"]
[White "Andersen, Morten"]
[Black "Saduakassova, Dinara"]
[Result "0-1"]
[WhiteElo "2166"]
[BlackElo "2340"]
[PlyCount "100"]
[EventDate "2013.07.27"]
[EventType "swiss"]
[EventRounds "10"]
[EventCountry "DEN"]
[Source "ChessBase"]
[SourceDate "2013.08.26"]

1. d4 Nf6 2. c4 g6 3. g3 Bg7 4. Bg2 d5 5. cxd5 Nxd5 6. Nf3 O-O 7. O-O Nb6 8.
Nc3 c6 9. a4 a5 10. b3 Bg4 11. Ne5 Be6 12. Rb1 N8d7 13. Bf4 Nxe5 14. Bxe5 Bxe5
15. dxe5 Qxd1 16. Rfxd1 Rfd8 17. Be4 Rxd1+ 18. Nxd1 Nd7 19. f4 Nc5 20. Bc2 Rd8
21. Kf2 Rd4 22. Nc3 Bf5 23. Ke3 Rb4 24. Kd2 Be6 25. Na2 Rb6 26. Kc3 Ra6 27. Rd1
Ra8 28. Nc1 b5 29. Kd4 Na6 30. Kc3 Nb4 31. Be4 Bd5 32. Bxd5 Nxd5+ 33. Kd4 bxa4
34. bxa4 Nb6 35. Kc5 Nxa4+ 36. Kxc6 e6 37. Na2 Rc8+ 38. Kb5 Rc2 39. Ra1 Rxa2
40. Rxa2 Nc3+ 41. Kxa5 Nxa2 42. Ka4 Nc3+ 43. Kb3 Nxe2 44. Kc4 Kg7 45. Kd3 Nxg3
46. hxg3 g5 47. Ke4 Kg6 48. g4 gxf4 49. Kxf4 h5 50. g5 h4 0-1

[Event "35t. Copenhagen Open (Politiken Cup)"]
[Site "Elsinore"]
[Date "2013.08.04"]
[Round "10"]
[White "Andersen, Soren P"]
[Black "Karlsson, Ulf"]
[Result "1-0"]
[WhiteElo "2115"]
[BlackElo "1973"]
[PlyCount "57"]
[EventDate "2013.07.27"]
[EventType "swiss"]
[EventRounds "10"]
[EventCountry "DEN"]
[Source "ChessBase"]
[SourceDate "2013.08.26"]

1. d4 d5 2. c4 e6 3. Nf3 c5 4. cxd5 exd5 5. Nc3 Nc6 6. g3 Nf6 7. Bg2 Be7 8. O-O
O-O 9. Be3 c4 10. Ne5 Be6 11. Nxc4 dxc4 12. d5 Nxd5 13. Nxd5 Bd6 14. Rc1 Be5
15. Rxc4 Bxb2 16. Ra4 Be5 17. f4 Bd6 18. f5 Bxd5 19. Bxd5 Re8 20. Qb3 Qd7 21.
Rh4 Rxe3 22. Qxe3 Re8 23. Re4 Ne7 24. f6 gxf6 25. Rxf6 Rc8 26. Qg5+ Ng6 27.
Bxf7+ Kh8 28. Rxg6 Qxf7 29. Rxd6 1-0

[Event "35t. Copenhagen Open (Politiken Cup)"]
[Site "Elsinore"]
[Date "2013.08.04"]
[Round "10"]
[White "Andreasen, Jakup a Rogvi"]
[Black "Kristensen, Bjarke Hautop"]
[Result "1/2-1/2"]
[WhiteElo "2008"]
[BlackElo "1921"]
[PlyCount "44"]
[EventDate "2013.07.27"]
[EventType "swiss"]
[EventRounds "10"]
[EventCountry "DEN"]
[Source "ChessBase"]
[SourceDate "2013.08.26"]

1. d4 g6 2. c4 Nf6 3. Nc3 Bg7 4. Nf3 O-O 5. g3 d6 6. Bg2 Nc6 7. O-O a6 8. e4
Bg4 9. h3 Bxf3 10. Bxf3 e5 11. d5 Nd4 12. Bg2 c5 13. a4 Nh5 14. Ne2 Nxe2+ 15.
Qxe2 f5 16. exf5 Rxf5 17. h4 Rf8 18. Bh3 Kh8 19. Bg5 Bf6 20. Bh6 Bg7 21. Bg5
Bf6 22. Bh6 Bg7 1/2-1/2

[Event "35t. Copenhagen Open (Politiken Cup)"]
[Site "Elsinore"]
[Date "2013.08.04"]
[Round "10"]
[White "Bekker Jensen, Simon"]
[Black "Stojanovski, Sandi"]
[Result "1-0"]
[WhiteElo "2414"]
[BlackElo "2270"]
[PlyCount "95"]
[EventDate "2013.07.27"]
[EventType "swiss"]
[EventRounds "10"]
[EventCountry "DEN"]
[Source "ChessBase"]
[SourceDate "2013.08.26"]

1. d4 Nf6 2. c4 e6 3. Nc3 Bb4 4. e3 O-O 5. Nge2 Re8 6. a3 Bf8 7. e4 d5 8. e5
Nfd7 9. cxd5 exd5 10. f4 c5 11. Be3 Nc6 12. dxc5 Bxc5 13. Bxc5 Nxc5 14. b4 d4
15. bxc5 Qa5 16. Qa4 dxc3 17. Qxa5 Nxa5 18. Nxc3 Nb3 19. Rd1 Bg4 20. Be2 Bxe2
21. Kxe2 Nxc5 22. Kf3 a6 23. Rd6 Rac8 24. Rhd1 h6 25. Nd5 Kf8 26. Nb6 Rc7 27.
Rc1 Ne6 28. Nd7+ Ke7 29. Rxc7 Nxc7 30. Nc5 Ne6 31. Rd7+ Kf8 32. Nxb7 Re7 33.
Rxe7 Kxe7 34. Ke4 Kd7 35. f5 Nc7 36. a4 f6 37. Nc5+ Ke7 38. g4 Kf7 39. e6+ Ke7
40. Nb7 g6 41. Kd4 gxf5 42. gxf5 Ne8 43. Kd5 Ng7 44. Ke4 Ne8 45. Kf4 Nc7 46.
Kg4 Nd5 47. Kh5 Ne3 48. Kg6 1-0

[Event "35t. Copenhagen Open (Politiken Cup)"]
[Site "Elsinore"]
[Date "2013.08.04"]
[Round "10"]
[White "Bjornes, Leif"]
[Black "Jorgensen, Rasmus"]
[Result "0-1"]
[WhiteElo "1918"]
[BlackElo "2064"]
[PlyCount "44"]
[EventDate "2013.07.27"]
[EventType "swiss"]
[EventRounds "10"]
[EventCountry "DEN"]
[Source "ChessBase"]
[SourceDate "2013.08.26"]

1. d4 g6 2. c4 Nf6 3. Nc3 Bg7 4. e4 d6 5. f3 O-O 6. Be3 c5 7. dxc5 dxc5 8. Qxd8
Rxd8 9. Bxc5 Nc6 10. Nd5 e6 11. Ne7+ Nxe7 12. Bxe7 Rd7 13. Ba3 b6 14. Rd1 Ba6
15. Rxd7 Nxd7 16. Nh3 Ne5 17. b3 Rd8 18. Nf2 Nc6 19. Nd1 Bh6 20. Bb2 Nb4 21. a3
Nc2+ 22. Ke2 Rd2# 0-1

[Event "35t. Copenhagen Open (Politiken Cup)"]
[Site "Elsinore"]
[Date "2013.08.04"]
[Round "10"]
[White "Bratteteig, Tore Inge"]
[Black "Rasmussen, Arne"]
[Result "1/2-1/2"]
[WhiteElo "1692"]
[BlackElo "1503"]
[PlyCount "86"]
[EventDate "2013.07.27"]
[EventType "swiss"]
[EventRounds "10"]
[EventCountry "DEN"]
[Source "ChessBase"]
[SourceDate "2013.08.26"]

1. d4 Nf6 2. c4 g6 3. Nf3 Bg7 4. g3 O-O 5. Nc3 d6 6. Bg2 a6 7. O-O Nc6 8. e4 e5
9. d5 Ne7 10. b4 b6 11. Ne1 Ne8 12. Be3 f5 13. Nd3 fxe4 14. Bxe4 Nf5 15. Bd2
Nd4 16. Ne2 Bh3 17. Nxd4 exd4 18. Bg2 Qc8 19. Bxh3 Qxh3 20. Nf4 Qf5 21. Ne6 Rf7
22. Nxg7 Nxg7 23. Bh6 d3 24. Qd2 Qf3 25. Rad1 Nf5 26. Be3 Re8 27. Rde1 Rfe7 28.
Qxd3 Qe4 29. Qxe4 Rxe4 30. Bd2 Nd4 31. Kg2 Nc2 32. Rxe4 Rxe4 33. c5 Nxb4 34.
Bxb4 Rxb4 35. cxd6 cxd6 36. Rc1 Rd4 37. Rc6 Rxd5 38. Rxb6 a5 39. Ra6 Kg7 40. h4
Kf6 41. g4 h6 42. Ra8 Re5 43. Ra6 Ke6 1/2-1/2

[Event "35t. Copenhagen Open (Politiken Cup)"]
[Site "Elsinore"]
[Date "2013.08.04"]
[Round "10"]
[White "Bue, Gunnar"]
[Black "Nielsen, Kai Gylling"]
[Result "1-0"]
[WhiteElo "1654"]
[BlackElo "1833"]
[PlyCount "85"]
[EventDate "2013.07.27"]
[EventType "swiss"]
[EventRounds "10"]
[EventCountry "DEN"]
[Source "ChessBase"]
[SourceDate "2013.08.26"]

1. d4 Nf6 2. c4 e6 3. Nf3 d5 4. e3 Be7 5. Bd3 O-O 6. O-O Nbd7 7. b3 Ne4 8. Nfd2
f5 9. f3 Nxd2 10. Nxd2 Bf6 11. Bb2 c5 12. cxd5 exd5 13. Bxf5 Bxd4 14. Bxh7+
Kxh7 15. exd4 Qf6 16. Qc2+ Kg8 17. dxc5 Qe7 18. Rac1 Ne5 19. Rfe1 Nxf3+ 20.
Nxf3 Qc7 21. Ng5 Bf5 22. Qd2 Rad8 23. Ne6 Bxe6 24. Rxe6 Rf7 25. Be5 Qc8 26. Rd6
Rdf8 27. Rg6 Qxc5+ 28. Bd4 Qb5 29. Rxg7+ Rxg7 30. Bxg7 Kxg7 31. Rc7+ Kg6 32.
Qc2+ Rf5 33. Rg7+ Kxg7 34. Qxf5 Qc5+ 35. Kf1 Qc1+ 36. Kf2 Qd2+ 37. Kg3 Qe3+ 38.
Qf3 Qe1+ 39. Kf4 Qd2+ 40. Qe3 Qxg2 41. Qg3+ Qxg3+ 42. hxg3 Kf6 43. Ke3 1-0

[Event "35t. Copenhagen Open (Politiken Cup)"]
[Site "Elsinore"]
[Date "2013.08.04"]
[Round "10"]
[White "Carlstedt, Jonathan"]
[Black "Hector, Jonny"]
[Result "1/2-1/2"]
[WhiteElo "2387"]
[BlackElo "2509"]
[PlyCount "151"]
[EventDate "2013.07.27"]
[EventType "swiss"]
[EventRounds "10"]
[EventCountry "DEN"]
[Source "ChessBase"]
[SourceDate "2013.08.26"]

1. c4 e5 2. Nc3 Bb4 3. Nd5 Be7 4. d4 d6 5. e4 exd4 6. Qxd4 Nf6 7. Nxe7 Qxe7 8.
f3 Nc6 9. Qc3 O-O 10. Ne2 Nd7 11. Bd2 f5 12. exf5 Nc5 13. f6 Qxf6 14. Qxf6 Nd3+
15. Kd1 Rxf6 16. Kc2 Nf2 17. Rg1 Bf5+ 18. Kc3 Ne5 19. Nd4 Bg6 20. Re1 a6 21. b4
b5 22. cxb5 axb5 23. Bxb5 Nfd3 24. Bg5 Rff8 25. Re2 h6 26. Bc1 c5 27. bxc5 Nxc5
28. f4 Ned3 29. Bc4+ Kh8 30. Be3 Nxf4 31. Bxf4 Rxf4 32. Bb5 Rc8 33. Nc6 Be8 34.
Na7 Ne4+ 35. Kd3 Nc5+ 36. Kd2 Bxb5 37. Nxc8 Bxe2 38. Kxe2 Re4+ 39. Kf3 Rd4 40.
Ke3 Rd5 41. h4 g6 42. Rb1 Rd3+ 43. Ke2 Rg3 44. Kf1 Ne4 45. Rd1 Rg4 46. Nxd6
Rxh4 47. Nxe4 Rxe4 48. Rd6 Kg7 49. Ra6 h5 50. g3 Kh6 51. Ra5 Rc4 52. Kf2 Rc2+
53. Kf3 Rc3+ 54. Kf2 Rd3 55. Kg2 Rd6 56. Kf3 g5 57. Ke4 Rf6 58. Ra8 h4 59. gxh4
gxh4 60. Rh8+ Kg5 61. a4 Kg4 62. Rg8+ Kh3 63. a5 Kh2 64. Kd4 Rc6 65. Rg5 h3 66.
Kd5 Rc2 67. a6 Rg2 68. Rh5 Rg6 69. a7 Ra6 70. Rh7 Kg2 71. Rg7+ Kh1 72. Kc5 h2
73. Kb5 Ra2 74. Kb6 Ra1 75. Kb7 Rxa7+ 76. Kxa7 1/2-1/2

[Event "35t. Copenhagen Open (Politiken Cup)"]
[Site "Elsinore"]
[Date "2013.08.04"]
[Round "10"]
[White "Carnstam, Tomas"]
[Black "Nordstrom, Hakon N"]
[Result "1-0"]
[WhiteElo "2052"]
[BlackElo "1830"]
[PlyCount "37"]
[EventDate "2013.07.27"]
[EventType "swiss"]
[EventRounds "10"]
[EventCountry "DEN"]
[Source "ChessBase"]
[SourceDate "2013.08.26"]

1. d3 d5 2. g3 e6 3. Bg2 f5 4. c4 Nf6 5. Nh3 c6 6. O-O Bd6 7. Nd2 O-O 8. cxd5
exd5 9. e4 fxe4 10. dxe4 dxe4 11. Qb3+ Kh8 12. Ng5 Qe7 13. Ndxe4 Nxe4 14. Nxe4
Bc7 15. Be3 Nd7 16. Rad1 Nb6 17. Bc5 Be6 18. Bxe7 Bxb3 19. axb3 1-0

[Event "35t. Copenhagen Open (Politiken Cup)"]
[Site "Elsinore"]
[Date "2013.08.04"]
[Round "10"]
[White "Cherednichenko, Svetlana"]
[Black "Rorvik, Jon Fredrik"]
[Result "1-0"]
[WhiteElo "2290"]
[BlackElo "2154"]
[PlyCount "87"]
[EventDate "2013.07.27"]
[EventType "swiss"]
[EventRounds "10"]
[EventCountry "DEN"]
[Source "ChessBase"]
[SourceDate "2013.08.26"]

1. d4 d5 2. Nf3 Nf6 3. e3 e6 4. Bd3 Be7 5. O-O O-O 6. Nbd2 Nbd7 7. b3 c5 8. Bb2
b6 9. Ne5 Nxe5 10. dxe5 Ne8 11. f4 f5 12. exf6 Bxf6 13. Be5 Qe7 14. Qh5 g6 15.
Qh3 Nd6 16. Nf3 Bd7 17. Bxf6 Qxf6 18. Ne5 Rad8 19. g4 Nf7 20. Qg3 Nxe5 21. fxe5
Qe7 22. g5 Rxf1+ 23. Rxf1 Be8 24. Rf6 b5 25. h4 c4 26. Be2 Bf7 27. h5 Re8 28.
Qh3 Qc7 29. Qg3 Qe7 30. Bg4 Qd7 31. Qf4 gxh5 32. Be2 Bg6 33. b4 Qg7 34. c3 a6
35. Kh2 Kh8 36. Kg3 Kg8 37. Kh4 Bf5 38. Bxh5 Rf8 39. Bg4 Rxf6 40. exf6 Qd7 41.
Qb8+ Kf7 42. Bh5+ Bg6 43. Qh8 Qd6 44. Qxh7+ 1-0

[Event "35t. Copenhagen Open (Politiken Cup)"]
[Site "Elsinore"]
[Date "2013.08.04"]
[Round "10"]
[White "Christensen, Janus"]
[Black "Kistrup, Nicolai"]
[Result "1/2-1/2"]
[WhiteElo "2156"]
[BlackElo "1623"]
[PlyCount "109"]
[EventDate "2013.07.27"]
[EventType "swiss"]
[EventRounds "10"]
[EventCountry "DEN"]
[Source "ChessBase"]
[SourceDate "2013.08.26"]

1. e4 c5 2. c3 d6 3. d4 cxd4 4. cxd4 Nf6 5. Nc3 g6 6. f4 Bg7 7. Nf3 O-O 8. Bd3
Nc6 9. O-O Bg4 10. Be3 e6 11. Rc1 d5 12. e5 Nd7 13. h3 Bxf3 14. Qxf3 f6 15. Qg4
Qe7 16. Nb5 fxe5 17. fxe5 a6 18. Nc7 Ndxe5 19. dxe5 Qxc7 20. Qxe6+ Kh8 21.
Rxf8+ Bxf8 22. Qxd5 Rd8 23. Qe4 Qxe5 24. Qxe5+ Nxe5 25. Be4 Rd7 26. Rc8 Kg7 27.
Bf4 Nf7 28. Rc7 Rxc7 29. Bxc7 Bc5+ 30. Kf1 b6 31. Ke2 Nd6 32. Bd5 Kf6 33. a3 a5
34. Kd3 Ke5 35. Bg8 h6 36. g3 h5 37. Bf7 Kf6 38. Bd5 Ke5 39. Be4 Kf6 40. Bd8+
Kf7 41. Bd5+ Ke8 42. Bg5 Kd7 43. Bf4 Ke7 44. Be5 Kf8 45. Kc3 Nf5 46. Be4 Kf7
47. g4 hxg4 48. hxg4 Bd6 49. Bxd6 Nxd6 50. Kd4 Nxe4 51. Kxe4 Ke6 52. Kf4 Kf6
53. Ke4 Ke6 54. Kd4 Kd6 55. Ke4 1/2-1/2

[Event "35t. Copenhagen Open (Politiken Cup)"]
[Site "Elsinore"]
[Date "2013.08.04"]
[Round "10"]
[White "Christenson, Bjorn Aa"]
[Black "Jensen, Soren Holm"]
[Result "1-0"]
[WhiteElo "1886"]
[BlackElo "2004"]
[PlyCount "111"]
[EventDate "2013.07.27"]
[EventType "swiss"]
[EventRounds "10"]
[EventCountry "DEN"]
[Source "ChessBase"]
[SourceDate "2013.08.26"]

1. e4 e5 2. Nf3 Nc6 3. Bb5 a6 4. Ba4 Nf6 5. O-O Be7 6. Re1 b5 7. Bb3 d6 8. c3
O-O 9. h3 Na5 10. Bc2 c5 11. d4 Qc7 12. Nbd2 cxd4 13. cxd4 Nc6 14. Nf1 Bd7 15.
Be3 Nb4 16. Bb3 a5 17. Rc1 Qb8 18. a3 Na6 19. Ng3 a4 20. Ba2 b4 21. dxe5 dxe5
22. axb4 Nxb4 23. Bc4 Nc6 24. Bd5 Ra6 25. Bc4 Ra5 26. Qe2 a3 27. bxa3 Rxa3 28.
Rb1 Qa8 29. Bc1 Ra1 30. Rxa1 Qxa1 31. Bb2 Qa5 32. Ra1 Qc5 33. Rc1 Qa5 34. Nf5
Bxf5 35. exf5 e4 36. Ng5 Nd8 37. g4 h6 38. Nxe4 Nxe4 39. Qxe4 Bg5 40. Re1 Qd2
41. Ba3 Bh4 42. Re2 Qd7 43. Bxf8 Kxf8 44. Kg2 Qc6 45. Bd5 Qb5 46. Bc4 Qc6 47.
f3 Qd7 48. Bb3 Kg8 49. Qe8+ Qxe8 50. Rxe8+ Kh7 51. Bd5 g6 52. fxg6+ Kxg6 53. f4
Bf6 54. Kf3 Kg7 55. Kg3 Kg6 56. h4 1-0

[Event "35t. Copenhagen Open (Politiken Cup)"]
[Site "Elsinore"]
[Date "2013.08.04"]
[Round "10"]
[White "Christophersen, David"]
[Black "Nilssen, Ellen Fredericia"]
[Result "1-0"]
[WhiteElo "1818"]
[BlackElo "1544"]
[PlyCount "73"]
[EventDate "2013.07.27"]
[EventType "swiss"]
[EventRounds "10"]
[EventCountry "DEN"]
[Source "ChessBase"]
[SourceDate "2013.08.26"]

1. d4 e6 2. c4 d5 3. Nc3 Nf6 4. Bg5 Nbd7 5. cxd5 exd5 6. e3 c6 7. Bd3 Be7 8.
Nge2 h6 9. Bh4 O-O 10. f3 Re8 11. Qc2 Nb6 12. O-O Bd7 13. e4 dxe4 14. fxe4 Rc8
15. Bxf6 Bxf6 16. e5 Bg5 17. Bh7+ Kf8 18. Rxf7+ Kxf7 19. Qg6+ Ke7 20. Qxg7+ Ke6
21. Qg6+ Ke7 22. Qd6+ Kf7 23. Rf1+ Kg7 24. Qg6+ Kh8 25. Rf7 Rg8 26. Nf4 Nd5 27.
Ncxd5 cxd5 28. e6 Bb5 29. Qb1 Rg7 30. e7 Bxe7 31. Rxg7 Kxg7 32. Ne6+ Kh8 33.
Nxd8 Rxd8 34. Qf5 Rf8 35. Qe5+ Bf6 36. Qxd5 Bxd4+ 37. Qxd4+ 1-0

[Event "35t. Copenhagen Open (Politiken Cup)"]
[Site "Elsinore"]
[Date "2013.08.04"]
[Round "10"]
[White "Collareta, Giovanni"]
[Black "Olsen, Miriam Frida"]
[Result "1/2-1/2"]
[WhiteElo "2108"]
[BlackElo "1959"]
[PlyCount "49"]
[EventDate "2013.07.27"]
[EventType "swiss"]
[EventRounds "10"]
[EventCountry "DEN"]
[Source "ChessBase"]
[SourceDate "2013.08.26"]

1. c4 e5 2. g3 g6 3. Bg2 Bg7 4. Nc3 f5 5. e3 Nf6 6. d4 e4 7. f3 exf3 8. Nxf3
O-O 9. O-O d6 10. b4 c6 11. Rb1 Ne4 12. Bb2 Qe7 13. Nxe4 fxe4 14. Nd2 d5 15.
Qb3 Be6 16. b5 Rxf1+ 17. Rxf1 Nd7 18. Ba3 Qg5 19. bxc6 bxc6 20. Bd6 Nf6 21. Bf4
Qh5 22. Qb7 Rc8 23. Be5 Qg5 24. Rf4 Nh5 25. Bxg7 1/2-1/2

[Event "35t. Copenhagen Open (Politiken Cup)"]
[Site "Elsinore"]
[Date "2013.08.04"]
[Round "10"]
[White "Colpe, Malte"]
[Black "Louis, Thibault"]
[Result "0-1"]
[WhiteElo "2311"]
[BlackElo "2222"]
[PlyCount "170"]
[EventDate "2013.07.27"]
[EventType "swiss"]
[EventRounds "10"]
[EventCountry "DEN"]
[Source "ChessBase"]
[SourceDate "2013.08.26"]

1. d4 e6 2. c4 Nf6 3. Nc3 Bb4 4. e3 b6 5. Nge2 Ba6 6. a3 Be7 7. Nf4 d5 8. cxd5
Bxf1 9. dxe6 Ba6 10. exf7+ Kxf7 11. e4 Bc4 12. e5 Re8 13. Be3 Nc6 14. Rc1 Na5
15. b4 c5 16. exf6 Bxf6 17. bxa5 cxd4 18. Nb5 Bxb5 19. Qb3+ Kf8 20. Qxb5 dxe3
21. O-O Kg8 22. fxe3 Kh8 23. Rfd1 Qe7 24. Nd5 Qe5 25. Qc6 Rad8 26. Kh1 Rd6 27.
Qc4 Bg5 28. axb6 axb6 29. Rd3 b5 30. Qxb5 Red8 31. Rcd1 Rh6 32. h3 Rf8 33. Qd7
Re6 34. Nc7 Re7 35. Qd5 Qf6 36. Nb5 Bxe3 37. Nd4 Re5 38. Qb3 Qf2 39. Nc2 Qf1+
40. Rxf1 Rxf1+ 41. Kh2 Bf4+ 42. Rg3 Rg5 43. Nd4 Bxg3+ 44. Qxg3 Rh1+ 45. Kxh1
Rxg3 46. Nb5 Rb3 47. a4 Rb4 48. Nc3 Rc4 49. Ne2 Rxa4 50. Kh2 Re4 51. Ng1 g6 52.
Kg3 Kg7 53. Nf3 Kf6 54. Nd2 Rd4 55. Nf3 Ra4 56. Nd2 Kf5 57. Nf3 Ra3 58. Kh2 Rd3
59. Ne1 Rc3 60. Nf3 Kf4 61. Nd4 Ke4 62. Ne2 Re3 63. Ng3+ Kf4 64. Nh1 Re2 65.
Ng3 Ra2 66. Nh1 h5 67. Ng3 Rb2 68. Nf1 h4 69. Kg1 Rb1 70. Kf2 Rb2+ 71. Kg1 g5
72. Nh2 Ra2 73. Ng4 Ke4 74. Kf1 Ra1+ 75. Kf2 Kf4 76. Nh2 Ra2+ 77. Kg1 Ke3 78.
Nf3 Kf4 79. Nh2 Ke3 80. Nf3 Ra5 81. Kh2 Rf5 82. Ne1 Kd2 83. Nf3+ Rxf3 84. gxf3
Ke3 85. Kg2 Ke2 0-1

[Event "35t. Copenhagen Open (Politiken Cup)"]
[Site "Elsinore"]
[Date "2013.08.04"]
[Round "10"]
[White "Danielsen, Henrik"]
[Black "Maze, Sebastien"]
[Result "0-1"]
[WhiteElo "2510"]
[BlackElo "2547"]
[PlyCount "132"]
[EventDate "2013.07.27"]
[EventType "swiss"]
[EventRounds "10"]
[EventCountry "DEN"]
[Source "ChessBase"]
[SourceDate "2013.08.26"]

1. g3 g6 2. Bg2 Bg7 3. c4 Nf6 4. Nc3 O-O 5. d4 d6 6. Nf3 c6 7. O-O Qa5 8. e4
Qh5 9. Ng5 Qxd1 10. Rxd1 e5 11. d5 c5 12. Bh3 Na6 13. a3 Nc7 14. f3 Rb8 15. Bd2
h6 16. Bxc8 Rfxc8 17. Nh3 a6 18. a4 Nd7 19. Nf2 h5 20. Nd3 f5 21. Kg2 Kh7 22.
Re1 Re8 23. Reb1 Bh6 24. Bxh6 Kxh6 25. b4 cxb4 26. Rxb4 a5 27. Rb2 b6 28. Re1
Rec8 29. Rc2 Ne8 30. Nb5 Ndf6 31. Na7 Rc7 32. Nc6 Rxc6 33. dxc6 fxe4 34. fxe4
Rc8 35. h3 Rxc6 36. Kf3 Nc7 37. Ke3 Kg7 38. Rf1 Nce8 39. Ne1 Nh7 40. Nf3 Nef6
41. h4 Rc7 42. Rd1 Rc6 43. Rf1 Rc7 44. Nh2 d5 45. exd5 Nxd5+ 46. Ke2 Nhf6 47.
Nf3 Nb4 48. Ng5 Nxc2 49. Ne6+ Kh6 50. Nxc7 Ne4 51. Rf8 Nd4+ 52. Kd3 Nxg3 53.
Ne8 Kh7 54. Rf7+ Kh6 55. Rb7 Ndf5 56. Nf6 e4+ 57. Kd2 Nxh4 58. Rxb6 Ng2 59. Nd5
h4 60. Rb1 h3 61. c5 e3+ 62. Nxe3 Ne4+ 63. Ke2 Nc3+ 64. Kf3 Nxb1 65. c6 Nd2+
66. Kg3 Nxe3 0-1

[Event "35t. Copenhagen Open (Politiken Cup)"]
[Site "Elsinore"]
[Date "2013.08.04"]
[Round "10"]
[White "Degerfeldt, Sven"]
[Black "Jacobsen, Per"]
[Result "1-0"]
[WhiteElo "1921"]
[BlackElo "1641"]
[PlyCount "53"]
[EventDate "2013.07.27"]
[EventType "swiss"]
[EventRounds "10"]
[EventCountry "DEN"]
[Source "ChessBase"]
[SourceDate "2013.08.26"]

1. d4 Nf6 2. c4 e5 3. dxe5 Ne4 4. a3 Nc6 5. Nf3 d6 6. g3 Bf5 7. Bg2 dxe5 8. O-O
Bd6 9. b4 Qf6 10. Bb2 Rd8 11. Qc1 O-O 12. Nc3 Nxc3 13. Bxc3 b6 14. Qb2 Bg4 15.
b5 Bxf3 16. Bxf3 Nd4 17. Bd5 Bc5 18. Kg2 Rfe8 19. Rad1 Qf5 20. Rd3 Qh5 21. e4
Rd6 22. Bxd4 Bxd4 23. Qd2 Qg4 24. h3 Qd7 25. f4 Rh6 26. g4 Qe7 27. fxe5 1-0

[Event "35t. Copenhagen Open (Politiken Cup)"]
[Site "Elsinore"]
[Date "2013.08.04"]
[Round "10"]
[White "Endresen, Ola Torstein"]
[Black "Emborg, Jens"]
[Result "1-0"]
[WhiteElo "1399"]
[BlackElo "1618"]
[PlyCount "75"]
[EventDate "2013.07.27"]
[EventType "swiss"]
[EventRounds "10"]
[EventCountry "DEN"]
[Source "ChessBase"]
[SourceDate "2013.08.26"]

1. d4 d5 2. Nc3 Nf6 3. Bg5 e6 4. e4 dxe4 5. Nxe4 Nc6 6. Bxf6 gxf6 7. Nf3 Bh6 8.
c3 Qe7 9. Bb5 Bd7 10. Nc5 a6 11. Qa4 Ne5 12. Bxd7+ Nxd7 13. Nxb7 O-O 14. Na5
Nb6 15. Qc2 Kh8 16. O-O Rg8 17. Nc6 Qd6 18. Nb4 Rg7 19. g3 Rag8 20. Nh4 f5 21.
Qe2 Rg5 22. Qe5+ Qxe5 23. dxe5 f4 24. Rae1 Rg4 25. Nf3 Nc4 26. Re2 fxg3 27.
hxg3 Rf4 28. Kg2 Bf8 29. b3 Bxb4 30. cxb4 Nb6 31. Rc1 Rxb4 32. Rxc7 Nd5 33.
Rxf7 Nf4+ 34. Rxf4 Rxf4 35. Rc2 Rf7 36. Nd4 Rg5 37. f4 Rxf4 38. Rc8+ 1-0

[Event "35t. Copenhagen Open (Politiken Cup)"]
[Site "Elsinore"]
[Date "2013.08.04"]
[Round "10"]
[White "Erenburg, Sergey"]
[Black "Edouard, Romain"]
[Result "1/2-1/2"]
[WhiteElo "2615"]
[BlackElo "2662"]
[PlyCount "99"]
[EventDate "2013.07.27"]
[EventType "swiss"]
[EventRounds "10"]
[EventCountry "DEN"]
[Source "ChessBase"]
[SourceDate "2013.08.26"]

1. e4 e6 2. d4 d5 3. Nd2 c5 4. exd5 Qxd5 5. Ngf3 cxd4 6. Bc4 Qd7 7. O-O Nc6 8.
Nb3 Nf6 9. Nbxd4 Nxd4 10. Nxd4 a6 11. Re1 Bc5 12. Be3 O-O 13. Bb3 b6 14. Nf3
Qc7 15. Bxc5 Qxc5 16. Qd4 Qxd4 17. Nxd4 Bb7 18. Rad1 Rfd8 19. c3 Rd6 20. Nc2
Rad8 21. Rxd6 Rxd6 22. Ne3 b5 23. a4 Kf8 24. axb5 axb5 25. Rd1 Ke7 26. f3 Rxd1+
27. Bxd1 Kd6 28. Be2 Bc6 29. Kf2 Bd7 30. Nc2 Nd5 31. c4 bxc4 32. Bxc4 Nb6 33.
Bd3 f5 34. Ke3 Nd5+ 35. Kd2 g5 36. Bc4 Nf4 37. Ne3 h5 38. Bf1 Ng6 39. Kc3 e5
40. b4 g4 41. fxg4 hxg4 42. g3 Ne7 43. Nc4+ Ke6 44. Ne3 Nd5+ 45. Nxd5 Kxd5 46.
Bc4+ Ke4 47. b5 Bxb5 48. Bxb5 Kf3 49. Bd7 Kg2 50. Bxf5 1/2-1/2

[Event "35t. Copenhagen Open (Politiken Cup)"]
[Site "Elsinore"]
[Date "2013.08.04"]
[Round "10"]
[White "Eriksson, Christian Altenburg"]
[Black "Greeuw, Sietske"]
[Result "1-0"]
[WhiteElo "2143"]
[BlackElo "1971"]
[PlyCount "121"]
[EventDate "2013.07.27"]
[EventType "swiss"]
[EventRounds "10"]
[EventCountry "DEN"]
[Source "ChessBase"]
[SourceDate "2013.08.26"]

1. e4 c5 2. c3 d5 3. exd5 Qxd5 4. d4 Nc6 5. Nf3 Bg4 6. Be2 cxd4 7. cxd4 e6 8.
Nc3 Qd6 9. Be3 Nf6 10. O-O Be7 11. Qb3 O-O 12. a3 Rfd8 13. Rfd1 Rac8 14. Rac1
Qb8 15. h3 Bh5 16. d5 exd5 17. Nxd5 Nxd5 18. Rxd5 Rxd5 19. Qxd5 Bg6 20. b4 Rd8
21. Qc4 h6 22. b5 Na5 23. Qc3 b6 24. Bd4 f6 25. Be3 Bf7 26. Nd4 Bc5 27. Nc6
Nxc6 28. bxc6 Rc8 29. Bf3 Bd6 30. a4 Qc7 31. Qd3 Rd8 32. Qa6 Be6 33. Qb5 Kh8
34. Kf1 Ba3 35. Rd1 Rxd1+ 36. Bxd1 Qd6 37. Ke2 Bf7 38. Bc2 Qc7 39. Bd3 Bd6 40.
Qf5 Kg8 41. Be4 g6 42. Qd7 f5 43. Bd3 f4 44. Bd2 Qb8 45. Bb4 Bc7 46. Be7 Kg7
47. h4 Be8 48. Qe6 Bf7 49. Qf6+ Kg8 50. Bxg6 Qe8 51. Bxf7+ Qxf7 52. Qxf7+ Kxf7
53. Ba3 h5 54. Kd3 Ke6 55. Ke4 a5 56. Kd4 Be5+ 57. Kc4 Bc7 58. Bb2 Bd6 59. Bd4
Bb4 60. Bxb6 Kd6 61. Kb5 1-0

[Event "35t. Copenhagen Open (Politiken Cup)"]
[Site "Elsinore"]
[Date "2013.08.04"]
[Round "10"]
[White "Gandrud, Vegar Koi"]
[Black "Segovia Sanchez, Antonio"]
[Result "1-0"]
[WhiteElo "2267"]
[BlackElo "2059"]
[PlyCount "75"]
[EventDate "2013.07.27"]
[EventType "swiss"]
[EventRounds "10"]
[EventCountry "DEN"]
[Source "ChessBase"]
[SourceDate "2013.08.26"]

1. d4 d5 2. c4 c6 3. Nf3 Nf6 4. Nc3 e6 5. g3 Nbd7 6. Bg2 Be7 7. O-O O-O 8. Nd2
b6 9. e4 dxe4 10. Ndxe4 Nxe4 11. Nxe4 Bb7 12. Qc2 Nf6 13. Rd1 h6 14. Bf4 Nxe4
15. Bxe4 Qd7 16. c5 b5 17. Qe2 Rfd8 18. Bc2 Bf8 19. h4 f5 20. Bb3 Re8 21. Be5
Qf7 22. Re1 Rad8 23. Rad1 Bc8 24. Rd3 a5 25. a3 a4 26. Ba2 Qg6 27. Re3 Kh8 28.
Kh2 Rd7 29. Qf3 Bb7 30. Qf4 Bc8 31. Kg2 Kh7 32. Qf3 Bb7 33. h5 Qf7 34. g4 Qe7
35. Bd6 Qg5 36. Bxe6 fxg4 37. Qf5+ Kh8 38. Qxg5 1-0